000
00283nam a22001097a 4500
008
170111b xxu||||| |||| 00| 0 eng d
020
_a
9781416000518
041
_a
eng
080
_a
618.2
245
_a
ESSENTIALS OF PSYCHIATRIC MENTAL HEALTH NURSING
_c
VARCAROLIC, E.M
942
_2
udc
_c
BK
999
_c
2717
_d
2717